[Event "URS-sf Moscow-ch"]
[Site "Moscow"]
[Date "1989.??.??"]
[Round "?"]
[White "Glek, Igor V"]
[Black "Balashov, Yuri S"]
[Result "1/2-1/2"]
[WhiteElo "2505"]
[BlackElo "2535"]

1.d4 Nf6 2.c4 e6 3.Nc3 Bb4 4.Qc2 O-O 5.Nf3 c5 6.dxc5 Na6 7.g3 Nxc5 8.Bg2 d5
9.cxd5 exd5 10.O-O Be6 11.Be3 Rc8 12.a3 Bxc3 13.Qxc3 Nfe4 14.Qc2 Qd7 15.Qd1 Rfd8
16.Rc1 b6 17.Nd4 Nd6 18.Bg5 Re8 19.Bf4 h6 20.Rc2 Red8 21.Re1 Qe8 22.Bxd6 Rxd6
23.e3 Rdd8 24.Qe2 Ne4 25.Nxe6 Qxe6 26.Rec1 g6 27.Qd1 h5 28.Qd4 Rxc2 29.Rxc2 Rd6
30.Qa4 a5 31.h4 Qe5 32.Qb5 Kg7 33.Qe2 Nc5 34.Qd1 d4 35.exd4  1/2-1/2

[Event "New York op"]
[Site "New York"]
[Date "1989.??.??"]
[Round "2"]
[White "Henley, Ron W"]
[Black "Razuvaev, Yuri S"]
[Result "1/2-1/2"]
[WhiteElo "2505"]
[BlackElo "2550"]

1.d4 Nf6 2.c4 e6 3.Nc3 Bb4 4.Qc2 O-O 5.Bg5 c5 6.dxc5 Na6 7.a3 Bxc3+ 8.Qxc3 Nxc5
9.Bxf6 Qxf6 10.Qxf6 gxf6 11.b4 Na4 12.e3 a5 13.Kd2 d5 14.Nf3 Rd8 15.c5 Bd7
16.Rc1 e5 17.Be2 Rdc8 18.Bd1 axb4 19.axb4 b6 20.Bb3 bxc5 21.bxc5 Rab8 22.c6 Bxc6
23.Bxa4 Bxa4 24.Rxc8+ Rxc8 25.Rc1 Rb8 26.Rc5 Rb2+ 27.Ke1 Rb1+ 28.Kd2 Kf8
29.Nh4 Ke7 30.Nf5+ Ke6 31.g4 Rb2+ 32.Ke1 h5 33.h3 hxg4 34.hxg4 Bb5 35.f3  1/2-1/2

[Event "New York op"]
[Site "New York"]
[Date "1989.??.??"]
[Round "6"]
[White "Olafsson, Helgi"]
[Black "Smyslov, Vassily"]
[Result "1-0"]
[WhiteElo "2520"]
[BlackElo "2560"]

1.d4 Nf6 2.c4 e6 3.Nc3 Bb4 4.Qc2 O-O 5.a3 Bxc3+ 6.Qxc3 b6 7.Bg5 Bb7 8.f3 c5
9.dxc5 bxc5 10.e3 d6 11.O-O-O Qc7 12.Bxf6 gxf6 13.Ne2 Nd7 14.Nf4 Rfd8 15.Nh5 d5
16.g4 d4 17.exd4 cxd4 18.Qxd4 e5 19.Qe3 Kh8 20.Be2 Qc5 21.Qh6 Qf8 22.Qxf8+ Nxf8
23.Rxd8 Rxd8 24.Rd1 Rxd1+ 25.Bxd1 Nd7 26.Kd2 Kg8 27.b4 Kf8 28.Ke3 Ke7 29.Ng3 Nf8
30.Nf5+ Kd7 31.Ba4+ Kc7 32.Be8 Ne6 33.Bxf7 Nf4 34.Bg8 h5 35.gxh5 Nxh5 36.Bf7 Nf4
37.h4 Bc8 38.Ke4 Bb7+ 39.Bd5 Bc8 40.Ng3 Kd6 41.c5+  1-0

[Event "New York op"]
[Site "New York"]
[Date "1989.??.??"]
[Round "8"]
[White "Chernin, Alexander"]
[Black "Suba, Mihai"]
[Result "1-0"]
[WhiteElo "2580"]
[BlackElo "2515"]

1.d4 Nf6 2.c4 e6 3.Nc3 Bb4 4.Qc2 O-O 5.a3 Bxc3+ 6.Qxc3 b6 7.Bg5 Bb7 8.f3 c5
9.dxc5 bxc5 10.e3 Qe7 11.Nh3 h6 12.Bh4 a5 13.Be2 Re8 14.O-O Nc6 15.Rfd1 Rad8
16.Rac1 d6 17.Nf2 g5 18.Bg3 e5 19.Bd3 Kg7 20.Bc2 Rh8 21.Rd3 h5 22.h4 g4 23.f4 exf4
24.Bxf4 Ne5 25.Rd2 Ba8 26.Rcd1 Rhe8 27.Nh1 Ne4 28.Bxe4 Bxe4 29.Rxd6 Rxd6
30.Bxe5+ Qxe5 31.Qxe5+ Rxe5 32.Rxd6 Bg6 33.Kf2 a4  1-0

[Event "Novosibirsk"]
[Site "Novosibirsk"]
[Date "1989.??.??"]
[Round "?"]
[White "Janjgava, Lasha"]
[Black "Vekshenkov, Nikolai"]
[Result "1/2-1/2"]
[WhiteElo "2470"]
[BlackElo "2295"]

1.d4 Nf6 2.c4 e6 3.Nc3 Bb4 4.Qc2 O-O 5.a3 Bxc3+ 6.Qxc3 b6 7.Bg5 Bb7 8.e3 d6
9.f3 h6 10.Bh4 Nbd7 11.Bd3 c5 12.Ne2 Rc8 13.Qd2 cxd4 14.exd4 Ba6 15.b3 d5
16.cxd5 Bxd3 17.Qxd3 exd5 18.O-O Re8 19.Nc3 Nf8 20.Rae1 N8h7 21.Re5 Rxe5
22.dxe5 Qc7 23.Nxd5 Qxe5  1/2-1/2

[Event "Novosibirsk"]
[Site "Novosibirsk"]
[Date "1989.??.??"]
[Round "?"]
[White "Janjgava, Lasha"]
[Black "Makarov, Marat"]
[Result "1/2-1/2"]
[WhiteElo "2470"]
[BlackElo "2505"]

1.d4 Nf6 2.c4 e6 3.Nc3 Bb4 4.Qc2 O-O 5.a3 Bxc3+ 6.Qxc3 b6 7.Bg5 Bb7 8.f3 h6
9.Bh4 d5 10.e3 Nbd7 11.cxd5 Nxd5 12.Bxd8 Nxc3 13.Bxc7 Nd5 14.Bd6 Nxe3 15.Kf2 Nc2
16.Rd1 Rfc8 17.Bb5 Nf6 18.Ne2 a6 19.Bd3 Nd5 20.Rc1 Nce3 21.h3 Rxc1 22.Rxc1 Rc8
23.Rxc8+ Bxc8 24.b3 Bb7  1/2-1/2

[Event "Bohemians"]
[Site "Prague"]
[Date "1989.??.??"]
[Round "?"]
[White "Pekarek, Ales"]
[Black "Hansen, Curt"]
[Result "0-1"]
[WhiteElo "2465"]
[BlackElo "2545"]

1.d4 Nf6 2.c4 e6 3.Nc3 Bb4 4.Qc2 O-O 5.a3 Bxc3+ 6.Qxc3 b6 7.Bg5 Bb7 8.e3 d6
9.f3 Nbd7 10.Bd3 h6 11.Bh4 c5 12.Ne2 Rc8 13.O-O Ba6 14.Rac1 cxd4 15.exd4 b5
16.Qb4 bxc4 17.Bxc4 Bxc4 18.Rxc4 Rxc4 19.Qxc4 Qb8 20.Rb1 Rc8 21.Qd3 Nd5 22.Be1 Rc6
23.b4 N7b6 24.Rc1 Nf4  0-1

[Event "Reykjavik"]
[Site "Reykjavik"]
[Date "1989.??.??"]
[Round "?"]
[White "Thorsteins, Karl"]
[Black "Olafsson, Helgi"]
[Result "1/2-1/2"]
[WhiteElo "2430"]
[BlackElo "2520"]

1.d4 Nf6 2.c4 e6 3.Nc3 Bb4 4.Qc2 O-O 5.a3 Bxc3+ 6.Qxc3 b6 7.Nf3 Bb7 8.e3 d6
9.b4 Nbd7 10.Bb2 c5 11.dxc5 bxc5 12.Be2 e5 13.O-O Ne4 14.Qc2 f5 15.Nd2 Qg5
16.f4 Qe7 17.Nxe4 Bxe4 18.Bd3 exf4 19.Rxf4 Bxd3 20.Qxd3 Rae8 21.Rf3 Ne5 22.Bxe5 Qxe5
23.Rd1 Rf6 24.Qd5+ Kf8 25.bxc5 dxc5 26.h3 g6 27.g4 Re7 28.gxf5 gxf5 29.Qxe5 Rxe5
30.Rd7 Rf7 31.Rd6 Re4 32.Rd5 Rxc4 33.Rdxf5 Rxf5 34.Rxf5+ Kg7 35.Kf2  1/2-1/2

[Event "Reykjavik"]
[Site "Reykjavik"]
[Date "1989.??.??"]
[Round "?"]
[White "Thorhallsson, Throstur"]
[Black "Arnason, Jon L"]
[Result "1/2-1/2"]
[WhiteElo "2415"]
[BlackElo "2550"]

1.d4 Nf6 2.c4 e6 3.Nc3 Bb4 4.Qc2 O-O 5.e4 d5 6.e5 Ne4 7.a3 Bxc3+ 8.bxc3 c5
9.Bd3 cxd4 10.cxd4 Nc6 11.Nf3 Qa5+ 12.Bd2 Nxd2 13.Qxd2 Qxd2+ 14.Kxd2 dxc4
15.Bxc4 b6 16.Ke3 Bb7 17.Bd3 Ne7 18.Be4 Nd5+ 19.Kd2 Rfd8 20.Rhc1 Rd7 21.Rc4 Rad8
22.Rac1 h6 23.h4 Kf8 24.h5 f5 25.exf6 gxf6 26.g3 f5 27.Bxd5 Bxd5 28.Ne5 Bxc4
29.Nxd7+ Rxd7 30.Rxc4 Ke7 31.Ke3 Kf6 32.Rc8 Rd5 33.f4 Ra5 34.Rg8 Rxa3+ 35.Kf2 b5
36.Rg6+ Kf7 37.Rxh6 b4 38.Rh7+ Kg8 39.Rb7 a5 40.Kg2 Ra1 41.Kh3 Rh1+ 42.Kg2 Rb1
43.Ra7 Ra1 44.Rb7 Rc1 45.Rb5 Rc7 46.Rxa5 Rb7 47.g4 b3 48.Ra1 b2 49.Rb1 fxg4
50.Kg3 Kg7 51.Kxg4 Rb5 52.f5 exf5+ 53.Kg5 Kh7 54.h6  1/2-1/2

[Event "Sagua la Grande"]
[Site "Sagua la Grande"]
[Date "1989.??.??"]
[Round "9"]
[White "Armas, Jorge"]
[Black "Ortega, Lexy"]
[Result "1/2-1/2"]
[WhiteElo "2385"]
[BlackElo "2400"]

1.d4 Nf6 2.c4 e6 3.Nc3 Bb4 4.Qc2 O-O 5.a3 Bxc3+ 6.Qxc3 b6 7.f3 Bb7 8.Bg5 d5
9.e3 Nbd7 10.Nh3 h6 11.Bh4 c5 12.cxd5 Bxd5 13.Bb5 cxd4 14.Qxd4 Nc5 15.Bxf6 Qxf6
16.Qxf6 gxf6 17.b4 a6 18.Be2 Na4 19.Nf4 Bc6 20.Kf2 Rfc8 21.Rhe1 Bb5 22.g4 Kf8
23.e4 Nc3 24.Bf1  1/2-1/2

[Event "San Bernardino op"]
[Site "San Bernardino"]
[Date "1989.??.??"]
[Round "2"]
[White "Barbero, Gerardo F"]
[Black "Fauland Borek, Jutta"]
[Result "1-0"]
[WhiteElo "2495"]
[BlackElo "2060"]

1.d4 Nf6 2.c4 e6 3.Nc3 Bb4 4.Qc2 O-O 5.Bg5 c5 6.dxc5 Bxc5 7.Nf3 Nc6 8.e3 Be7
9.Be2 d5 10.O-O dxc4 11.Bxc4 a6 12.Rfd1 Qa5 13.a3 b5 14.Bd3 h6 15.Bxf6 Bxf6
16.Ne4 Qb6 17.Nxf6+ gxf6 18.Qc3 Kg7 19.Nd2 Ne7 20.Qb4 Qd8 21.Qe4  1-0

[Event "San Bernardino op"]
[Site "San Bernardino"]
[Date "1989.??.??"]
[Round "8"]
[White "Petursson, Margeir"]
[Black "Summermatter, Daniel"]
[Result "0-1"]
[WhiteElo "2530"]
[BlackElo "2435"]

1.d4 Nf6 2.c4 e6 3.Nc3 Bb4 4.Qc2 O-O 5.a3 Bxc3+ 6.Qxc3 b6 7.Bg5 h6 8.Bh4 Bb7
9.f3 d5 10.e3 Nbd7 11.Nh3 c5 12.cxd5 exd5 13.Bd3 Qe7 14.Bf5 g5 15.Bg3 Rfe8
16.Kf2 Rac8 17.Qd2 Nh5 18.Rad1 Ng7 19.Bb1 h5 20.Qd3 Nf8 21.f4 g4 22.Ng5 c4
23.Qc3 f6 24.h4 Rcd8 25.Rhf1 Bc8 26.Rfe1 fxg5 27.fxg5 Bf5 28.Be5 Nd7 29.Bf4 Bxb1
30.Rxb1 Qf7 31.g3 Ne6 32.b3 Rc8 33.Rbc1 Qf5 34.b4 Nxf4 35.exf4 Kf7 36.b5 Rxe1
37.Rxe1 Re8 38.Rxe8 Kxe8 39.Ke2 Kf7 40.Kd2 Qe4 41.Kc1 Nf8 42.Qb4 Qe3+ 43.Kb1 Qd3+
44.Ka2 Qc2+ 45.Ka1 Ne6 46.Qd6 Qc1+ 47.Ka2 Qd2+ 48.Kb1 Qd1+ 49.Ka2 Qe2+ 50.Ka1 Qe1+
51.Ka2 Qf2+ 52.Kb1 Qf1+ 53.Ka2 Qg2+ 54.Ka1 Qg1+ 55.Ka2 Qh2+ 56.Kb1 Qh1+ 57.Ka2 Qh2+
58.Kb1 Qg1+ 59.Ka2 Qg2+ 60.Ka1 Qf1+ 61.Ka2 Qe2+ 62.Ka1 Qe1+ 63.Ka2 Qd2+ 64.Kb1 Qd1+
65.Ka2 Qc2+ 66.Ka1 Qf5 67.Qd7+ Kg8 68.Qc8+ Kg7 69.Qd7+ Kg8 70.Qxa7 c3 71.Qxb6 Kh7
72.Qa7+ Ng7 73.Qa4 Qd3 74.Qb3 Nf5 75.g6+ Kxg6 76.b6 Nxd4 77.Qa4 Qf1+  0-1

[Event "Sochi-B"]
[Site "Sochi"]
[Date "1989.??.??"]
[Round "?"]
[White "Kallai, Gabor"]
[Black "Panchenko, Alexander N"]
[Result "1/2-1/2"]
[WhiteElo "2405"]
[BlackElo "2430"]

1.d4 Nf6 2.c4 e6 3.Nc3 Bb4 4.Qc2 O-O 5.a3 Bxc3+ 6.Qxc3 b6 7.f3 c5 8.dxc5 bxc5
9.Bg5 Nc6 10.Bxf6 Qxf6 11.Qxf6 gxf6 12.e3  1/2-1/2

[Event "Szekszard op"]
[Site "Szekszard"]
[Date "1989.??.??"]
[Round "9"]
[White "Videki, Sandor"]
[Black "Luther, Thomas"]
[Result "1-0"]
[WhiteElo "2410"]
[BlackElo "2410"]

1.d4 e6 2.c4 Nf6 3.Nc3 Bb4 4.Qc2 O-O 5.a3 Bxc3+ 6.Qxc3 d6 7.Nf3 Nbd7 8.g3 a5
9.b3 b6 10.Bg2 Bb7 11.O-O Be4 12.Bb2 d5 13.Rac1 c6 14.Rfd1 a4 15.b4 Rc8 16.Nd2 Bxg2
17.Kxg2 b5 18.c5 Ne8 19.Rc2 f5 20.Nf3 Nef6 21.Bc1 Ne4 22.Qb2 g5 23.Ne1 Qe8
24.f3 Qh5 25.Nd3 Nef6 26.Be3 Rf7 27.Rh1 Rg7 28.Kf2 Rf8 29.Ke1 Qg6 30.Kd2 Kf7
31.Rcc1 Ke7 32.Rcg1 Rfg8 33.Qc1 h6 34.Rg2 Qe8 35.h4 Kd8 36.hxg5 hxg5 37.Kc2 Rg6
38.Qd2 Qf8 39.Rgh2 Ke8 40.Qc1 Qg7 41.Qd2 Qf8 42.Qe1 Qg7 43.Qg1 Qf8 44.Rh3 Qg7
45.Bf2 Qf8 46.Qh2 Qg7 47.Rh8 Kf7 48.Rxg8 Nxg8 49.Qh7 Kf8 50.Be3 Kf7 51.Rh5 Kf8
52.Qxg7+  1-0

[Event "Tapolca"]
[Site "Tapolca"]
[Date "1989.??.??"]
[Round "?"]
[White "Magyar, Otto"]
[Black "Landenbergue, Claude"]
[Result "1/2-1/2"]
[WhiteElo "2325"]
[BlackElo "2350"]

1.d4 Nf6 2.c4 e6 3.Nc3 Bb4 4.Qc2 O-O 5.Nf3 c5 6.dxc5 Na6 7.Bd2 Nxc5 8.e3 b6
9.Be2 Bb7 10.O-O Nfe4 11.a3 Nxc3 12.Bxc3 Be4 13.Qd1 Bxc3 14.bxc3 Rc8 15.Ra2 Qe7
16.Nd4 Ba8 17.a4 Ne4 18.Qc1 e5 19.Nb3 d5 20.Nd2 Nxd2 21.Rxd2 dxc4 22.Rfd1 Bc6
23.Qa1 Qg5 24.g3 Qf5 25.Bxc4 Bf3 26.Be2 Ba8 27.Qb1 Qxb1 28.Rxb1 Rxc3 29.Kf1 g6
30.Rd7 Rfc8 31.Ba6 Be4 32.Bxc8 Bxb1 33.Ba6 Bc2 34.Rxa7 Bxa4 35.Rb7 Rc6 36.h4 Kg7
37.Bd3 Bb3 38.Ke2 Rd6 39.g4 e4 40.Bxe4 Bd1+ 41.Ke1 Bxg4 42.f3 Bc8 43.Rc7 Be6
44.Kf2 b5 45.Rb7 Bc4 46.Kg3 Rd1 47.Kf4 Rd2 48.Bc6 Rb2 49.Ke4 Rh2 50.Bxb5 Rxh4+
51.f4 Be6 52.Bd7 Bxd7 53.Rxd7 Rh5 54.Ra7 Rb5 55.Kf3 Rb6 56.Rc7 Kf6 57.Ra7 h6
58.Rc7 Re6 59.e4 Ra6 60.Rc3 Ra1 61.Rc6+ Kg7 62.e5 h5 63.Rc7 Rf1+ 64.Kg3 g5
65.fxg5 Kg6 66.Rc2 Rg1+ 67.Kh4 Rg4+ 68.Kh3 Rxg5 69.Re2 Kf5 70.Kh4 Rg4+ 71.Kxh5 Rf4
72.Re1 Re4 73.Rf1+ Rf4 74.Re1 Ke6 75.Kg5 Rf5+ 76.Kg4 Rxe5 77.Ra1 f5+  1/2-1/2

[Event "Tel Aviv-A"]
[Site "Tel Aviv"]
[Date "1989.??.??"]
[Round "11"]
[White "Lev, Ronen"]
[Black "Winants, Luc"]
[Result "1-0"]
[WhiteElo "2415"]
[BlackElo "2435"]

1.d4 Nf6 2.c4 e6 3.Nc3 Bb4 4.Qc2 O-O 5.a3 Bxc3+ 6.Qxc3 b6 7.Nf3 Bb7 8.g3 c5
9.dxc5 bxc5 10.Bg2 d6 11.O-O Nbd7 12.Rd1 Qb6 13.Bf4 e5 14.Bd2 a5 15.b3 Rfd8
16.Be1 Nf8 17.Ra2 Ne6 18.Rb2 Qc7 19.a4 Nd4 20.Qc1 Nd7 21.Qb1 h6 22.Nh4 Bxg2
23.Kxg2 Qc6+ 24.f3 Nf6 25.e3 Ne6 26.Nf5 Kf8 27.Rbd2 Ng5 28.e4 Ne8 29.Rd5 Ne6
30.Qd3 N6c7 31.Qe3 Nxd5 32.cxd5 Qb7 33.f4 f6 34.fxe5 fxe5 35.Rd3 Kg8 36.g4 Qf7
37.g5 Ra7 38.Qh3 Qg6 39.Rg3 h5 40.Bxa5 Rb8 41.Bd2 Rbb7 42.Rf3 Rf7 43.Qg3 Kf8
44.Re3 Rfc7 45.Nh4 Qh7 46.Rf3+ Ke7 47.g6 Qg8 48.Bg5+ Nf6 49.Nf5+ Kd7 50.Qh3  1-0

[Event "Tirnavia-B"]
[Site "Trnava"]
[Date "1989.??.??"]
[Round "8"]
[White "Lechtynsky, Jiri"]
[Black "Cvetkovic, Srdjan"]
[Result "1-0"]
[WhiteElo "2450"]
[BlackElo "2460"]

1.d4 Nf6 2.c4 e6 3.Nc3 Bb4 4.Qc2 O-O 5.a3 Bxc3+ 6.Qxc3 b6 7.b4 d5 8.c5 Ne4
9.Qb2 e5 10.cxb6 exd4 11.bxc7 Qxc7 12.Nf3 Qc3+ 13.Qxc3 dxc3 14.Nd4 Bd7 15.Bf4 g5
16.Be3 f5 17.g3 f4 18.gxf4 gxf4 19.Rg1+ Kh8 20.Bc1 Nc6 21.Nxc6 Bxc6 22.Rg4 a5
23.bxa5 Nc5 24.Bxf4 Rae8 25.Be3 Nb3 26.Bd4+ Nxd4 27.Rxd4 Rb8 28.Rc1 Rb3 29.Rd3 d4
30.Rxd4 Bb5 31.Rb4 Rxb4 32.axb4 Rc8 33.e3 Ba4 34.b5 c2 35.Bd3 Rd8 36.Ke2  1-0

[Event "Vinkovci"]
[Site "Vinkovci"]
[Date "1989.??.??"]
[Round "?"]
[White "Marinelli, Tullio"]
[Black "Palac, Mladen"]
[Result "0-1"]
[WhiteElo "2375"]
[BlackElo "2460"]

1.d4 Nf6 2.c4 e6 3.Nc3 Bb4 4.Qc2 O-O 5.Bg5 h6 6.Bxf6 Qxf6 7.Nf3 c5 8.e3 Nc6
9.a3 cxd4 10.axb4 dxc3 11.Qxc3 Qxc3+ 12.bxc3 b6 13.Nd4 Bb7 14.Nb5 a5 15.Rb1 axb4
16.cxb4 Ra4 17.Nd6 Rb8 18.b5 Na5 19.e4 Kf8 20.Be2 Ke7 21.e5 Ra2 22.f4 f6
23.Rf1 Ba8 24.Kf2 Rf8 25.Ke3 Ra3+ 26.Bd3 Nb3 27.Bc2 Nc5+ 28.Ke2 Bxg2 29.Rg1 Bf3+
30.Kd2 g5 31.Rbf1 gxf4 32.Rg7+ Kd8 33.Nf7+ Kc7 34.exf6 Bh5 35.Nxh6 Rxf6 36.Ng8 Rf8
37.Ne7 Kd6 38.Rh7 f3 39.Rf2 Rf7 40.Nc8+ Kc7 41.Rxh5 Kxc8 42.Rh4 e5 43.Rg4 Rf6
44.Be4 Rd6+ 45.Bd5 e4 46.Rg8+ Kc7 47.Re8 Re6  0-1

[Event "Warsaw op"]
[Site "Warsaw"]
[Date "1989.??.??"]
[Round "?"]
[White "Chekhov, Valery A"]
[Black "Zlotnik, Boris A"]
[Result "1/2-1/2"]
[WhiteElo "2480"]
[BlackElo "2420"]

1.d4 Nf6 2.c4 e6 3.Nc3 Bb4 4.Qc2 O-O 5.Bg5 d6 6.e3 Nbd7 7.Bd3 h6 8.Bh4 c5
9.Ne2 cxd4 10.exd4 d5 11.cxd5 exd5 12.O-O-O Nb6 13.Kb1 Bd7 14.f3 Rc8 15.Qb3 Be7
16.g4 a5 17.a4 Re8 18.Rhg1 g5 19.Bg3 Bb4 20.Be5 Bc6 21.Nb5 Nfd7 22.Bg3 Nc4
23.Na7 Ndb6 24.Nxc6 Rxc6 25.Ka2 Nd2 26.Rxd2 Bxd2 27.Qd1 Be3 28.Re1 Nc4 29.Nc3 Bxd4
30.Bh7+ Kxh7 31.Qxd4 Rxe1 32.Bxe1 Qb6 33.Qd3+ Kg8 34.Nb5 Qe3 35.Qd1 d4 36.Nxd4 Rd6
37.Bc3 Nd2 38.Nf5 Qe6+ 39.b3 Rd3 40.Bxd2 Qd7 41.Qa1 Rxd2+ 42.Ka3 f6 43.Qxf6 Re2
44.Qg6+ Kh8 45.Qxh6+ Kg8 46.Qxg5+ Kh8 47.Qh6+ Kg8 48.Qg5+ Kh8 49.Qf6+ Kg8
50.Qg6+ Kh8 51.Qf6+ Kg8 52.h4 Qc7 53.Nh6+ Kh7 54.Qf7+ Qxf7 55.Nxf7 Kg7 56.Nd6 b6
57.Nc4 Rf2 58.Nxb6 Rxf3 59.Nc4 Rf4 60.Nxa5 Kf8 61.Nc4 Rxg4 62.a5 Ke8 63.Nb6 Rg6
64.Kb4 Kd8 65.Kc5 Kc7 66.b4 Rc6+  1/2-1/2

[Event "Warsaw op"]
[Site "Warsaw"]
[Date "1989.??.??"]
[Round "?"]
[White "Avshalumov, Alex"]
[Black "Dautov, Rustem"]
[Result "1-0"]
[WhiteElo "2415"]
[BlackElo "2535"]

1.d4 Nf6 2.c4 e6 3.Nc3 Bb4 4.Qc2 O-O 5.Bg5 c5 6.e3 h6 7.Bh4 cxd4 8.exd4 Nc6
9.Rd1 d5 10.Nf3 Be7 11.a3 dxc4 12.Bxc4 Nd5 13.Bxe7 Ncxe7 14.O-O b6 15.Ba2 Bb7
16.Bb1 Nf5 17.Ne4 Rc8 18.Qd2 Qe7 19.Rfe1 Nd6 20.Ne5 Rfd8 21.Nxd6 Rxd6 22.Qd3 Nf6
23.h3 Rcd8 24.Qe3 Ba8 25.Bd3 Qb7 26.Bf1 b5 27.Rc1 Qb6 28.Rc5 a6 29.Rd1 Qxc5
30.dxc5 Rxd1 31.c6 Rb1 32.Qa7 Rf8 33.Qxa6 Ne4 34.c7 Rc1 35.Nc4 bxc4 36.c8=Q Rxc8
37.Qxc8+ Kh7 38.Qxa8 Nd2 39.Qa5 Nxf1 40.g4 Rb1 41.Kg2  1-0

[Event "Zenica"]
[Site "Zenica"]
[Date "1989.??.??"]
[Round "2"]
[White "Mascarinas, Rico"]
[Black "Smagin, Sergey"]
[Result "1-0"]
[WhiteElo "2465"]
[BlackElo "2540"]

1.d4 Nf6 2.c4 e6 3.Nc3 Bb4 4.Qc2 O-O 5.Bg5 c5 6.dxc5 Qa5 7.Bd2 Qxc5 8.e3 Qc6
9.Nf3 a6 10.Bd3 Qc7 11.g4 Nxg4 12.Bxh7+ Kh8 13.Bd3 Nc6 14.Rg1 Nce5 15.Nxe5 Nxe5
16.Be2 f5 17.Nb1 Bxd2+ 18.Nxd2 Qa5 19.O-O-O b5 20.f4 Nc6 21.Kb1 Rf6 22.Nb3 Qa4
23.Nc5 Qxc2+ 24.Kxc2 Ra7 25.cxb5 axb5 26.Kb1 b4 27.Rd6 Rh6 28.h4 Rxh4 29.Bf3 Ne7
30.Rb6 Rh3 31.Rh1 Rxh1+ 32.Bxh1 Kh7 33.Rxb4 Rc7 34.Nb3 Ba6 35.a4 g5 36.fxg5 Kg6
37.Rb6 Bd3+ 38.Ka2 Be4 39.Bxe4 fxe4 40.Rb4 Kf5 41.Nd4+ Kxg5 42.Nb5 Rc5 43.Nd6 Rc6
44.Nxe4+ Kf5 45.Nc3 Ra6 46.Rb7 Rd6 47.a5 Kg4 48.b4 Kf3 49.e4 Nc6 50.Kb3 Ke3
51.Ka4 Rd3 52.Nb5 Kxe4 53.a6 Rd2 54.a7 Nxa7 55.Rxa7 d5 56.Re7 e5 57.Nc3+ Kf5
58.b5 d4 59.Nd5 d3 60.b6 Ra2+ 61.Kb3 Ra8 62.b7 Rd8 63.Rc7 d2 64.Nc3 Rb8 65.Kc2 Ke6
66.Kxd2 Kd6 67.Nb5+ Kd5 68.Kd3 e4+ 69.Kc3 Ke5 70.Kc4 Kf4 71.Kc5  1-0

[Event "Zenica"]
[Site "Zenica"]
[Date "1989.??.??"]
[Round "7"]
[White "Mikhalchishin, Adrian"]
[Black "Dizdarevic, Emir"]
[Result "1/2-1/2"]
[WhiteElo "2475"]
[BlackElo "2510"]

1.d4 Nf6 2.c4 e6 3.Nc3 Bb4 4.Qc2 O-O 5.Bg5 c5 6.dxc5 Na6 7.a3 Bxc3+ 8.Qxc3 Nxc5
9.Bxf6 Qxf6 10.Qxf6 gxf6 11.b4 Na4 12.e3 Rd8 13.Nf3 d5 14.cxd5  1/2-1/2

[Event "JUG-chT"]
[Site "Zlatibor"]
[Date "1989.??.??"]
[Round "?"]
[White "Jacimovic, Dragoljub"]
[Black "Raicevic, Ivica"]
[Result "1/2-1/2"]
[WhiteElo "2400"]
[BlackElo "2325"]

1.d4 e6 2.c4 Nf6 3.Nc3 Bb4 4.Qc2 O-O 5.Bg5 d6 6.e3 b6 7.Bd3 h6 8.Bh4 Bb7
9.f3 Nbd7 10.Ne2 c5 11.a3 Bxc3+ 12.Nxc3 cxd4 13.exd4 a6 14.O-O Rc8 15.Qe2 Qc7
16.Rfc1 Rfe8 17.b4 Nh5 18.Qd2 g5 19.Bf2 Nf4 20.Bf1 Qd8 21.Ne4 Nf6 22.Ng3 N6h5
23.a4 Qf6 24.Ne4 Qe7 25.c5 dxc5 26.dxc5 Bxe4 27.fxe4 bxc5 28.bxc5 Rc6 29.Rab1 Nf6
30.Qc2 Ng4 31.g3 Ng6 32.Rb6 Qc7 33.Rxa6 Rxa6 34.Bxa6 Nxf2 35.Qxf2 Rd8 36.Bb5 Ne5
37.c6 Rd2 38.Qe3 Rxh2 39.Be2 Rxe2 40.Qxe2 Nxc6 41.Kg2 Qd6 42.Qe3 Nd4 43.a5 e5
44.Qd3 Qb4 45.Qc3 Qb5 46.Qd2 Qb7 47.Re1 Kg7  1/2-1/2

[Event "JUG-chT"]
[Site "Zlatibor"]
[Date "1989.??.??"]
[Round "?"]
[White "Ostojic, Nikola"]
[Black "Panzalovic, Srdjan"]
[Result "1/2-1/2"]
[WhiteElo "2265"]
[BlackElo "2325"]

1.d4 Nf6 2.c4 e6 3.Nc3 Bb4 4.Qc2 O-O 5.a3 Bxc3+ 6.Qxc3 b6 7.Bg5 Bb7 8.e3 d6
9.f3 Nbd7 10.Bd3 c5 11.Ne2 cxd4 12.exd4 Rc8 13.Qd2 Ba6 14.Rc1 d5 15.cxd5 Bxd3
16.dxe6 Bxe2 17.Rxc8 Qxc8 18.exd7 Qxd7 19.Kxe2 Nd5 20.Qd3 Qc7 21.Kf2 h6 22.Bd2 Rd8
23.g3 Qd7 24.Rc1 Nc7 25.Bc3 Qh3 26.Kg1 Rd5 27.Re1 Qd7 28.Kg2 Ne6 29.h4 Nxd4
30.Bxd4  1/2-1/2

[Event "Altensteig"]
[Site "Altensteig"]
[Date "1990.??.??"]
[Round "7"]
[White "Mohr, Stefan"]
[Black "Wirthensohn, Heinz"]
[Result "1/2-1/2"]
[WhiteElo "2430"]
[BlackElo "2430"]

1.d4 Nf6 2.c4 e6 3.Nc3 Bb4 4.Qc2 O-O 5.a3 Bxc3+ 6.Qxc3 d6 7.Bg5 Nbd7 8.e3 b6
9.Bd3 c5 10.Ne2 Ba6 11.Rc1 h6 12.Bh4 Rc8 13.Qb3 cxd4 14.exd4 d5 15.O-O Bxc4
16.Bxc4 dxc4 17.Rxc4 Rxc4 18.Qxc4 Qa8 19.Rc1 Nd5 20.f3 Qb7 21.Kf2 Re8 22.Qc6 Qxc6
23.Rxc6 N7f6 24.Nc3 Rd8 25.Nxd5 Rxd5 26.Bxf6 gxf6 27.Ke3 Rb5 28.b4 a5 29.Rc4 axb4
30.axb4 h5 31.h4 Kg7 32.Kd3 Rd5 33.Kc3 f5 34.Rc6 b5 35.Rc5 f4 36.Rc6 Kf8
37.Kd3 e5 38.Ke4 Rxd4+ 39.Kxe5 Rxb4 40.Kf6 Ke8 41.Rc5 Rb2 42.Rxh5 Rxg2 43.Rxb5 Rg6+
44.Kf5 Kf8 45.Kxf4 Rh6 46.h5 Kg7 47.Kg5 Ra6 48.f4 Rc6 49.Rb7 Rd6  1/2-1/2

[Event "Altensteig"]
[Site "Altensteig"]
[Date "1990.??.??"]
[Round "11"]
[White "Paehtz, Thomas Sr"]
[Black "Wirthensohn, Heinz"]
[Result "1/2-1/2"]
[WhiteElo "2445"]
[BlackElo "2430"]

1.d4 Nf6 2.c4 e6 3.Nc3 Bb4 4.Qc2 O-O 5.Nf3 c5 6.dxc5 Na6 7.a3 Bxc3+ 8.Qxc3 Nxc5
9.e3 b6 10.b4 Nce4 11.Qd4 d6 12.Bd3 Bb7 13.O-O e5 14.Qb2 Re8 15.Ne1 d5 16.cxd5 Bxd5
17.f3 Nd6 18.e4 Bc4 19.Qe2 Bxd3 20.Nxd3 Qd7 21.Be3 Qe6 22.a4 Nc4 23.Bf2 Nd7
24.Rfc1 Rec8 25.Nc5 bxc5 26.Qxc4 Qxc4 27.Rxc4 cxb4 28.Rxb4 Rc7 29.Rab1 Rac8
30.h4 Kf8 31.Rb5 a6 32.Rb7  1/2-1/2

[Event "Aosta op"]
[Site "Aosta"]
[Date "1990.??.??"]
[Round "9"]
[White "Marinelli, Tullio"]
[Black "Rodriguez, Amador"]
[Result "0-1"]
[WhiteElo "2400"]
[BlackElo "2495"]

1.d4 Nf6 2.c4 e6 3.Nc3 Bb4 4.Qc2 O-O 5.e3 b6 6.Bd3 Bb7 7.f3 d5 8.cxd5 exd5
9.Ne2 c5 10.O-O Nc6 11.a3 cxd4 12.Nxd4 Nxd4 13.exd4 Bd6 14.Bg5 h6 15.Bh4 Rc8
16.Rae1 Bf4 17.Re2 a6 18.Rfe1 b5 19.Re7 Qb6 20.Bxf6 Qxf6 21.Rxb7 Qxd4+ 22.Kh1 Bxh2
23.g4 Bd6 24.Qd2 Qf6 25.Bf5 Qh4+ 26.Kg1 Qg3+ 27.Kf1 Rce8 28.Re3 Bc5 29.Rxe8 Rxe8
30.Be4 dxe4 31.fxe4 Re6 32.Ke2 Qg2+ 33.Kd1 Rd6 34.Nd5 Qxe4  0-1

[Event "AUT-chT"]
[Site "Austria"]
[Date "1990.??.??"]
[Round "?"]
[White "Beni, Alfred"]
[Black "Titz, Heimo"]
[Result "1/2-1/2"]
[WhiteElo "2220"]
[BlackElo "2245"]

1.c4 Nf6 2.Nc3 e6 3.d4 Bb4 4.Qc2 O-O 5.Bg5 c5 6.dxc5 Na6 7.e3 Nxc5 8.a3 Bxc3+
9.Qxc3 a5 10.Bxf6 Qxf6 11.Qxf6 gxf6 12.Nf3 a4 13.Be2 Rd8 14.O-O Kf8 15.Rad1 Ke7
16.Nd4 b6 17.Nb5 Bb7 18.Nd6 Bc6 19.f4 f5 20.Bf3 Rab8 21.Rd2 b5 22.cxb5 Bxb5
23.Rfd1 Rb6 24.Nxb5 Rxb5 25.Rc2 d6 26.Kf1 Rdb8 27.Rdd2 Rb3 28.Ke2 h5 29.h4 Ne4
30.Bxe4 fxe4 31.Kf2 d5 32.f5 R8b5 33.fxe6 Kxe6 34.Rc6+ Kf5 35.Rd6 Rd3 36.Re2 f6
37.Ra6 Rdb3 38.Rxa4 Rxb2 39.Rd4 Ke5 40.Rdd2 Rxd2 41.Rxd2 Ra5 42.Ra2 Ra4 43.Ke2 f5
44.g3 d4 45.exd4+ Kxd4 46.Rd2+ Ke5 47.Ra2 f4 48.gxf4+ Kxf4 49.Ra1 Kg3 50.Ke3 Kxh4
51.Kf4 e3+ 52.Kxe3 Kg3 53.Rg1+ Kh2 54.Ra1 Kg2 55.Ra2+ Kg3 56.Ra1 h4 57.Rg1+ Kh2
58.Ra1 Kg2 59.Ra2+ Kg3 60.Ra1 h3 61.Rg1+ Kh2 62.Rg8 Rxa3+ 63.Kf2 Ra2+ 64.Kf1 Rg2
65.Rh8 Rg5 66.Rf8 Rg7 67.Rf2+ Kg3 68.Kg1 Ra7 69.Rf1  1/2-1/2

[Event "Bad Ragaz op"]
[Site "Bad Ragaz"]
[Date "1990.??.??"]
[Round "2"]
[White "Baumann, Claude"]
[Black "Wittwer, Moritz"]
[Result "1-0"]
[WhiteElo "2080"]
[BlackElo "2260"]

1.d4 Nf6 2.c4 e6 3.Nc3 Bb4 4.Qc2 O-O 5.Nf3 b6 6.e3 Bb7 7.Bd3 d6 8.Bd2 Nbd7
9.a3 Bxc3 10.Bxc3 c5 11.Rd1 Qc7 12.Ng5 h6 13.h4 cxd4 14.exd4 e5 15.d5 e4
16.Nxe4 Nxe4 17.Bxe4 Rae8 18.O-O Qxc4 19.Bh7+  1-0

[Event "Bad Woerishofen op"]
[Site "Bad Woerishofen"]
[Date "1990.??.??"]
[Round "?"]
[White "Wegner, Hannu"]
[Black "Tischbierek, Raj"]
[Result "0-1"]
[WhiteElo "2385"]
[BlackElo "2440"]

1.d4 Nf6 2.c4 e6 3.Nc3 Bb4 4.Qc2 O-O 5.a3 Bxc3+ 6.Qxc3 b6 7.Bg5 Bb7 8.Nh3 d6
9.f3 h6 10.Bh4 Nbd7 11.e3 e5 12.O-O-O Qe8 13.e4 exd4 14.Rxd4 Qe5 15.Bg3 Qe7
16.Nf4 c6 17.Kb1 g5 18.Ne2 d5 19.cxd5 cxd5 20.Qc7 Rfb8 21.Nc3 Ne8 22.Bd6 Qe6  0-1

[Event "Barcelona"]
[Site "Barcelona"]
[Date "1990.??.??"]
[Round "2"]
[White "Bass, Leonid"]
[Black "Ochoa de Echaguen, F Javier"]
[Result "1-0"]
[WhiteElo "2480"]
[BlackElo "2400"]

1.d4 Nf6 2.c4 e6 3.Nc3 Bb4 4.Qc2 O-O 5.a3 Bxc3+ 6.Qxc3 b6 7.Bg5 Bb7 8.Nh3 h6
9.Bh4 Re8 10.e3 c5 11.dxc5 bxc5 12.f3 Nc6 13.O-O-O Ne4 14.Qe1 Nf6 15.Nf2 Ne5
16.Qc3 Nd5 17.Rxd5 Qxh4 18.Rd2 d6 19.f4 Nc6 20.g3 Qe7 21.Bg2 d5 22.cxd5 exd5
23.Bxd5 Qxe3 24.Qxe3 Rxe3 25.Kb1 Rb8  1-0